000 00808nam a2200217 a 4500
999 _c8429
_d8429
001 8429
003 BD-JhCC
005 20180224172819.0
008 180224s2008 bg |||| |||| 000 0 mul d
035 _a(BD-JhCC)8429
040 _aBD-JhCC
_dBD-JhCC
041 _aBengali & Arabic
082 _a297.124
_bKAY 2008
100 _aকায়সার, এম আফলাতুন
245 _aমেশ্কাত শরীফ :
_bবঙ্গানুবাদ ও ব্যাখ্যাসহ [সপ্তম জিল্দ] /
_cএম, আফলাতুন কায়সার,
260 _aঢাকা :
_bএমদাদিয়া পুস্তকালয় (প্রাঃ) লিঃ
300 _a228 p. :
_c24 cm.
650 _aIslam
_xHadith
942 _2ddc
_cBK